| 000 | 00529nam a2200181Ia 4500 | ||
|---|---|---|---|
| 003 | OSt | ||
| 005 | 20200817113049.0 | ||
| 008 | 190216s9999||||xx |||||||||||||| ||und|| | ||
| 040 | _coclc | ||
| 082 |
_a546 _bPUR/P |
||
| 100 |
_aPuri, B R _94153 |
||
| 245 | 0 |
_aPrinciples Of Inorganic Chemistry / _cB R Puri ; L R Sharma ; K C Kalia |
|
| 250 | _a29th Ed. | ||
| 260 |
_bVallabh Publications, _c2004. _aDelhi: |
||
| 300 | _a1488p | ||
| 650 | _aInorganic Chemistry | ||
| 942 |
_cBK _2ddc _h546 _iPUR/P _k546 _mPUR/P |
||
| 999 |
_c3163 _d3163 |
||